Statistiken für Landkreise und kreisfreie Städte Deutschlands am Meer

Klicken Sie hier um das Quiz zu spielen!

Allgemein

  • Dieses Quiz wurde 357 mal gespielt
  • Das Durchschnittsergebnis liegt bei 20 aus 25

Antwortstatistiken

BundeslandLandkreis% Korrekt
BremenBremerhaven
97%
Mecklenburg-VorpommernRostock
97%
Mecklenburg-VorpommernRostock
97%
Schleswig-HolsteinKiel
94%
Schleswig-HolsteinLübeck
93%
BremenBremen
92%
Schleswig-HolsteinSchleswig-Flensburg
92%
NiedersachsenCuxhaven
91%
NiedersachsenEmden
90%
Schleswig-HolsteinFlensburg
88%
NiedersachsenWilhelmshaven
86%
Mecklenburg-VorpommernVorpommern-Rügen
85%
Mecklenburg-VorpommernVorpommern-Greifswald
82%
NiedersachsenAurich
81%
Schleswig-HolsteinNordfriesland
80%
NiedersachsenFriesland
77%
NiedersachsenLeer
74%
Schleswig-HolsteinOstholstein
73%
Schleswig-HolsteinRendsburg-Eckernförde
68%
Mecklenburg-VorpommernNordwestmecklenburg
67%
Schleswig-HolsteinPlön
67%
NiedersachsenStade
66%
Schleswig-HolsteinDithmarschen
64%
NiedersachsenWittmund
61%
NiedersachsenWesermarsch
54%

Verteilung der Resultate

Perzentil nach korrekt beantworteten Fragen

Anzahl Personen mit jedem Resultat

Ihre Resultats-Entwicklung

Sie haben dieses Quiz noch nicht gespielt